|
|
|
|
| LEADER |
03344nam a2200577 a 4500 |
| 001 |
mzk03001203451 |
| 003 |
CZ BrMZK |
| 005 |
20190311160616.0 |
| 007 |
ta |
| 008 |
140728s1626 gw f |||| 0 lat d |
| 040 |
|
|
|a BOA001
|b cze
|
| 043 |
|
|
|a e-it---
|
| 072 |
|
7 |
|a 94(3)
|x Dějiny zemí starověkého světa
|2 Konspekt
|9 8
|
| 072 |
|
7 |
|a 094
|x Staré tisky
|2 Konspekt
|9 12
|
| 080 |
|
|
|a 025.171
|2 MRF
|
| 080 |
|
|
|a (450)
|2 MRF
|
| 080 |
|
|
|a (0.068)094
|2 MRF
|
| 100 |
1 |
|
|a Florus, Lucius Annaeus,
|d činný 2. století
|7 jn19990002328
|4 aut
|
| 245 |
1 |
0 |
|a L. IVLII FLORI RERUM A ROMANIS GESTARVM LIBRI IV. A IOANNE STADIO EMENDATI. SEORSVM EXCVSVS IN EOS COMMENTARIVS IOANNIS STADII, HISTORIAE & MATHESEOS LOVAnij Professoris primi: in quo obscura in lucem poferuntur, obmissa supplentur, inuersa restituunturm bteuiter denique quidquid in Romana Historia dignum est bseruatione annotatur, vna cum variarum lectionum & castigationum rationibus
|
| 246 |
3 |
|
|a L. IULII FLORI RERUM A ROMANIS GESTARUM LIBRI IV. A IOANNE STADIO EMENDATI. SEORSUM EXCUSUS IN EOS COMMENTARIUS IOANNIS STADII, HISTORIAE & MATHESEOS LOVAnij Professoris primi: in quo obscura in lucem poferuntur, obmissa supplentur, inuersa restituunturm bteuiter denique quidquid in Romana Historia dignum est observatione annotatur, una cum variarum lectionum & castigationum rationibus
|
| 246 |
3 |
|
|a RERUM A ROMANIS GESTARVM LIBRI IV.
|
| 246 |
3 |
|
|a RERUM A ROMANIS GESTARUM LIBRI IV.
|
| 250 |
|
|
|a Altera editio aucta & correcta ab Authore
|
| 260 |
|
|
|a Coloniae Agrippinae :
|b Apud Ioannem Kinckivm, sub Monocerote,
|c 1626
|
| 300 |
|
|
|a [12], 144, [6] s. ;
|c 8°
|
| 500 |
|
|
|a Výzdoba: Nad impressem tiskařský signet s devízou "In Sanctitate et Jvstitia", iniciály, marginálie, verzálky, typografické ozdubky
|
| 505 |
0 |
|
|a I. STADII IN L. IVLII FLORI HISTORIARVM LIBRI IV. COMMENTARII. EDITIO ALTERA. AVCTA ET RECOGNITA ab ipso Auctore / Johannes Stadius. -- Coloniae Agrippinae : Apud Ioannem Kinckivm, sub Monocerote, 1626. -- 263, [17] s.
|
| 561 |
|
|
|a Provenience: [m.p.] Liber Joannis Steyner Rhetoris Iglaviensis
|
| 561 |
|
|
|a Provenience: [m.p.] Veius Possessor huius Salomon Nicolaus Wisbauer 1639
|
| 561 |
|
|
|a Provenience: [m.p.] Guilielmi Zablatsky de Tuleschitz 1696
|
| 563 |
|
|
|a Na vazbu použit zlomek pergamenového rukopisu, lepenkové desky, pergamenové řemínky
|
| 650 |
|
7 |
|a historické knihovní fondy
|7 ph172933
|2 czenas
|
| 651 |
|
7 |
|a Řím (Itálie)
|x dějiny
|7 ge131746
|2 czenas
|
| 655 |
|
7 |
|a staré tisky
|7 fd422076
|2 czenas
|
| 700 |
1 |
|
|a Stadius, Johannes,
|d 1527-1579
|7 mzk2009511019
|4 cwt
|
| 740 |
0 |
2 |
|a I. STADII IN L. IVLII FLORI HISTORIARVM LIBRI IV. COMMENTARII
|
| 856 |
4 |
1 |
|u https://imageserver.mzk.cz/mzk03/001/203/451/328100213649.titul.jp2
|y Titulní list
|
| 856 |
4 |
1 |
|u https://imageserver.mzk.cz/mzk03/001/203/451/328100213649.vazba.jp2
|y Vazba
|
| 903 |
|
|
|a RP
|
| 910 |
|
|
|e BOE950
|c R - V. e. 100
|
| 978 |
|
|
|b Kinckius, Johann
|a Köln a.R.
|c 1626
|
| 978 |
|
|
|b Monocerot - dílna
|a Köln a.R.
|c 1626
|
| 981 |
1 |
|
|a Záblatský de Tulešic, Guilelm
|
| 981 |
1 |
|
|a Stayner, Johann
|
| 981 |
1 |
|
|a Wisbauer, Salomon Nicolaus
|
| 984 |
|
|
|a Kolín nad Rýnem
|b Německo
|
| 985 |
|
|
|a 1601-1650
|
| 990 |
|
|
|a BK
|
| 996 |
|
|
|e BOE950
|c R - V. e. 100
|
| 991 |
|
|
|k rajhrad
|
| 980 |
|
|
|c 213649
|g R - V. e. 100
|1 328100213649
|p N: 6829
|